Neutrino Physics in Present and Future Kamioka Water‐Čerenkov Detectors with Neutron Tagging

This book discusses the upgrade of the Super-Kamiokande (SK) detector, which consists in the addition of a salt of gadolinium into the detector's water, the goal being to endow it with a very high-efficiency ability to detect neutrons: the SuperK-Gd project. This will substantially improve the...

Πλήρης περιγραφή

Λεπτομέρειες βιβλιογραφικής εγγραφής
Κύριος συγγραφέας: Fernández Menéndez, Pablo (Συγγραφέας, http://id.loc.gov/vocabulary/relators/aut)
Συγγραφή απο Οργανισμό/Αρχή: SpringerLink (Online service)
Μορφή: Ηλεκτρονική πηγή Ηλ. βιβλίο
Γλώσσα:English
Έκδοση: Cham : Springer International Publishing : Imprint: Springer, 2018.
Έκδοση:1st ed. 2018.
Σειρά:Springer Theses, Recognizing Outstanding Ph.D. Research,
Θέματα:
Διαθέσιμο Online:Full Text via HEAL-Link
LEADER 03876nam a2200517 4500
001 978-3-319-95086-0
003 DE-He213
005 20191029011014.0
007 cr nn 008mamaa
008 180721s2018 gw | s |||| 0|eng d
020 |a 9783319950860  |9 978-3-319-95086-0 
024 7 |a 10.1007/978-3-319-95086-0  |2 doi 
040 |d GrThAP 
050 4 |a QC770-798 
072 7 |a PHP  |2 bicssc 
072 7 |a SCI051000  |2 bisacsh 
072 7 |a PHP  |2 thema 
082 0 4 |a 539.73  |2 23 
100 1 |a Fernández Menéndez, Pablo.  |e author.  |4 aut  |4 http://id.loc.gov/vocabulary/relators/aut 
245 1 0 |a Neutrino Physics in Present and Future Kamioka Water‐Čerenkov Detectors with Neutron Tagging  |h [electronic resource] /  |c by Pablo Fernández Menéndez. 
250 |a 1st ed. 2018. 
264 1 |a Cham :  |b Springer International Publishing :  |b Imprint: Springer,  |c 2018. 
300 |a XVIII, 247 p. 249 illus., 211 illus. in color.  |b online resource. 
336 |a text  |b txt  |2 rdacontent 
337 |a computer  |b c  |2 rdamedia 
338 |a online resource  |b cr  |2 rdacarrier 
347 |a text file  |b PDF  |2 rda 
490 1 |a Springer Theses, Recognizing Outstanding Ph.D. Research,  |x 2190-5053 
505 0 |a Neutrinos -- The Super-Kamiokande Detector -- The SuperK-Gd Project -- On Relevant Items for SuperK-Gd Physics -- SuperK-Gd Physics Potential -- Neutron-Tagging with Hydrogen in Super-Kamiokande IV: Global Atmospheric Neutrino Oscillation Analysis with SK -- Conclusions. 
520 |a This book discusses the upgrade of the Super-Kamiokande (SK) detector, which consists in the addition of a salt of gadolinium into the detector's water, the goal being to endow it with a very high-efficiency ability to detect neutrons: the SuperK-Gd project. This will substantially improve the scientific value of the SK detector because, among others, neutron production is related to the matter-antimatter character of the interacting neutrino. In this book the authors develop several procedures for maximizing the impact of neutron tagging in various physics analyses involving a broad range of neutrino energy. They thoroughly study the impact of new backgrounds introduced by Gd in key physics analyses, most remarkably including the search for the Diffuse Supernova Neutrino Background. At GeV energies, the neutron tagging improvements are evaluated by performing a complete neutrino oscillation sensitivity study using atmospheric and long baseline neutrinos, with a focus on the neutrino mass hierarchy and the leptonic CP violation. In order to prove the relevance of neutron tagging with the available data, the authors apply the neutron-tagging tools developed here to the 4th phase of the SK detector, which is already capable of detecting a low fraction of the neutrons produced through hydrogen-neutron captures. A global oscillation analysis of the SK's atmospheric neutrino data is also conducted. 
650 0 |a Particle acceleration. 
650 0 |a Elementary particles (Physics). 
650 0 |a Quantum field theory. 
650 0 |a Cosmology. 
650 1 4 |a Particle Acceleration and Detection, Beam Physics.  |0 http://scigraph.springernature.com/things/product-market-codes/P23037 
650 2 4 |a Elementary Particles, Quantum Field Theory.  |0 http://scigraph.springernature.com/things/product-market-codes/P23029 
650 2 4 |a Cosmology.  |0 http://scigraph.springernature.com/things/product-market-codes/P22049 
710 2 |a SpringerLink (Online service) 
773 0 |t Springer eBooks 
776 0 8 |i Printed edition:  |z 9783319950853 
776 0 8 |i Printed edition:  |z 9783319950877 
776 0 8 |i Printed edition:  |z 9783030069735 
830 0 |a Springer Theses, Recognizing Outstanding Ph.D. Research,  |x 2190-5053 
856 4 0 |u https://doi.org/10.1007/978-3-319-95086-0  |z Full Text via HEAL-Link 
912 |a ZDB-2-PHA 
950 |a Physics and Astronomy (Springer-11651)